000 00398nam a22001457a 4500
020 _a0130870145
082 _222
_a005.1
100 _aRumbaugh, James ...[et al.].
245 _aThe unified modeling language reference manual /
260 _aUSA,
_bAddison Werley,
_cc1999.
300 _axvii, 550p. ;
_bill. ;
_c23 cm.
700 _aJacobson, Ivar
700 _aand Booch, Grady.
942 _2ddc
_cIT
999 _c1519
_d1519